| Tag |
First Indicator |
Second Indicator |
Subfields |
| LEADER |
00000pam a22000004a 4500 |
| 001 |
in00001647653 |
| 005 |
20151023102137.0 |
| 008 |
010807s2001 dcua b 001 0 eng |
| 010 |
|
|
|a 2001047310
|
| 020 |
|
|
|a 1930865163
|
| 035 |
|
|
|a (OCoLC)ocm47797551
|
| 040 |
|
|
|a DLC
|c DLC
|d YDX
|d TXA
|d UtOrBLW
|
| 042 |
|
|
|a pcc
|
| 049 |
|
|
|a TXAM
|
| 050 |
0 |
0 |
|a GE145
|b .G64 2001
|
| 082 |
0 |
0 |
|a 363.7/02
|2 21
|
| 100 |
1 |
|
|a Goklany, Indur M.
|
| 245 |
1 |
4 |
|a The precautionary principle :
|b a critical appraisal of environmental risk assessment /
|c Indur M. Goklany.
|
| 264 |
|
1 |
|a Washington, D.C. :
|b CATO Institute ;
|c [2001]
|
| 264 |
|
2 |
|a [Place of publication not identified] :
|b [Distributed to the trade by National Book Network],
|
| 264 |
|
4 |
|c ©2001
|
| 300 |
|
|
|a 119 pages :
|b illustrations ;
|c 24 cm.
|
| 336 |
|
|
|a text
|b txt
|2 rdacontent
|
| 337 |
|
|
|a unmediated
|b n
|2 rdamedia
|
| 338 |
|
|
|a volume
|b nc
|2 rdacarrier
|
| 504 |
|
|
|a Includes bibliographical references (pages 95-107) and index.
|
| 650 |
|
0 |
|a Environmental risk assessment.
|
| 994 |
|
|
|a E0
|b TXA
|
| 948 |
|
|
|a cataloged
|b h
|c 2001/12/13
|d c
|e ceaton
|f 1:48:11 pm
|
| 999 |
|
|
|a MARS
|
| 999 |
f |
f |
|s c0c679bb-7216-3559-8498-ce19b4cdf564
|i 1c0097df-39dd-3cef-9a46-f298bcc6a8b2
|t 0
|
| 952 |
f |
f |
|p ric
|a Texas A&M University
|b Rellis Campus
|c Joint Library Facility
|d Remote Storage
|t 0
|e GE145 .G64 2001
|h Library of Congress classification
|i unmediated -- volume
|m A14828490006
|
| 998 |
f |
f |
|a GE145 .G64 2001
|t 0
|l Remote Storage
|